[Event "RUS-Cup03 Geller Memorial"]
[Site "Moscow"]
[Date "1999.02.09"]
[Round "8"]
[White "Kiriakov, Petr"]
[Black "Akhmadeev, Vadim"]
[Result "1-0"]
[WhiteElo "2564"]
[BlackElo "2467"]
[Annotator "Donev,I"]
[PlyCount "75"]
[EventDate "1999.02.10"]
[EventType "swiss"]
[EventRounds "9"]
[EventCountry "RUS"]
[SourceTitle "CBM 070"]
[Source "ChessBase"]
[SourceDate "1999.06.08"]
[SourceVersion "1"]
[SourceVersionDate "1999.06.08"]
[SourceQuality "1"]

1. d4 d5 2. c4 e6 3. Nc3 Be7 4. Nf3 Nf6 5. Bf4 {Diese Fortsetzung war aktuell
in mehreren Partien des WM Matches Karpov-Kasparov und hat gezeigt, dass der
Nachziehende genug Gegenspiel hat.} O-O 6. e3 c5 7. dxc5 Bxc5 8. Be2 {Nach
solch einem ruhigen Entwicklungszug kann der Anziehende kaum auf Vorteil
hoffen. Die Praxis hat gezeigt, dass hier am besten 8.Qc2 ist.} dxc4 (8... Nc6
9. O-O dxc4 10. Bxc4 a6 11. Qe2 $5 b5 12. Bd3 Bb7 (12... Nb4 $5) 13. Rac1 Qb6
14. Ne4 Nxe4 15. Bxe4 Be7 16. Qc2 Nb4 17. Bxh7+ Kh8 18. Qb1 Bxf3 19. gxf3 f5
20. Bg6 e5 21. Bxf5 exf4 {0-1 Cvetkov,I-Donev,I/Vidin 1989}) 9. Bxc4 a6 ({nach:
} 9... Qxd1+ 10. Rxd1 a6 11. Bd3 Nbd7 {hat Weiß einen kleinen aber dauerhaften
Vorteil.}) 10. Qe2 {Weiß könnte die Aktivitäten des Nachziehenden am
Damenflügel durch a2-a4 vermeiden, aber in diesem Fall, hätte er den Punkt b4
geschwächt.} b5 11. Bd3 Bb7 12. O-O Nbd7 13. Rfd1 (13. e4 {Dieser verlockende
Zug ist wegen der folgenden Musterpartie nicht zu empfehlen:} Nh5 14. Bd2 Qc7
15. g3 Rad8 16. Be3 Bxe3 17. Qxe3 Qc5 18. Rfe1 Nhf6 19. a3 Ng4 20. Qxc5 Nxc5
21. Bc2 f5 22. Ng5 f4 23. Rad1 Rxd1 24. Bxd1 Ne5 25. gxf4 Ned3 26. b4 h6 27.
bxc5 hxg5 28. Re3 Nxf4 29. a4 b4 30. Ne2 Rc8 31. Bb3 Rxc5 32. Nxf4 gxf4 33.
Bxe6+ Kf8 34. Re1 Re5 35. Bb3 Rxe4 36. Rd1 Ke7 37. Rc1 Kf6 38. Kf1 a5 39. h3 g5
40. Rc7 Re7 41. Rc5 Re5 {0-1 Smyslov,V-Kasparov,G/Vilnius 1984/Candidates (41)}
) 13... Qe7 ({Mir scheint die Entwicklung der schwarzen Dame am Damenflügel
zum Ausgleich ausreichend.} 13... Qb6 14. Rac1 Rac8 $11) 14. Bg5 h6 (14... Rac8
15. a4 b4 16. Nb1 a5 $13) 15. Bh4 Qe8 ({Gegen Topalovs Manager - IM Danailov,
habe ich eine logische Fortsetzung ausprobiert:} 15... Rac8 16. Be4 Bxe4 17.
Nxe4 Rfd8 18. Rac1 Bb6 19. a4 Qb4 20. Nxf6+ Nxf6 21. Rxd8+ Rxd8 22. Bxf6 gxf6
23. axb5 axb5 24. Rc6 Qxb2 $1 25. Qf1 Ra8 26. Rc1 b4 27. Rb1 Qc3 28. Qd1 b3 29.
Rxb3 Qxb3 $1 {0-1 Danailov,S-Donev,I/Ruse 1989 (29)}) 16. Rac1 Be7 (16... Rc8
17. a4 $1 e5 18. Bf5 g6 19. Bxd7 Nxd7 20. axb5 $16 {1-0 Kaidanov,G-Kolev,A/
Sofia 1989/EXT 97 (32)}) 17. Bb1 Rc8 18. a3 g6 $6 $146 (18... Nc5 $142 19. Ne5
Nd5 20. Qc2 g6 21. Bxe7 {1/2-1/2 Kaidanov,G-Van der Sterren,P/Budapest 1989/TD
(21)}) 19. Bg3 Nh5 20. Bd6 Bxd6 21. Rxd6 Qe7 22. Rcd1 Nhf6 $6 (22... Bxf3 23.
Qxf3 Ne5 24. Qe2 Nc4 25. Rd7 (25. Rxa6 $2 Qb7) 25... Qf6 $14) 23. e4 $1 {
Droht unangenehm e4-e5.} e5 $2 {[%mdl 8192] Entscheidender Fehler, der die
Partie verliert, weil der Nachziehende den nächsten Doppelangriff übersieht.} (
23... Rc7 $142 24. Qd2 Kg7 25. Qf4 (25. e5 Nd5 26. Nxd5 Bxd5 27. Qe3 $14 (27.
Rxa6 $2 Bxf3 28. gxf3 Nxe5 $17)) 25... Rfc8 $14) 24. Qd2 {[%cal Yd2d7,Yd2h6]}
Kg7 (24... Rfd8 25. Qxh6 $18) 25. Rxd7 $1 Nxd7 26. Qxd7 $18 {[%csl Yd5]
Schwarz hat keine Kompensation für das verlorene Material. Die schwarzen Türme
können nicht in das weiße Lager eindringen; die weißen Springer haben
ausgezeichnete Vorposten (d5) im Zentrum. Der Rest ist reine Technik.} Rc7 27.
Qd2 Qc5 28. h3 Re8 29. Nh2 {[%cal Yh2f1,Yf1e3,Ye3d5] Der Springer strebt nach
d5 an.} h5 30. Nf1 Rcc8 31. Ne3 Red8 32. Ncd5 Bxd5 33. Nxd5 Qd6 34. Ba2 Qc6 35.
Bb3 Rd6 36. Kh2 Qe8 {[%tqu "De","Weiß am Zug gewinnt.","","","d5c7","",10] Am
Schluß ein kleiner taktischer Trick, der sofort die Partie entscheidet.} 37.
Nc7 $1 {[%cal Yc7e8,Yd2d6]} Rxd2 (37... Rxc7 38. Qxd6 $18) 38. Nxe8+ 1-0

[Event "London Classic 11th"]
[Site "London"]
[Date "2019.12.04"]
[Round "1.3"]
[White "Ding, Liren"]
[Black "Aronian, Levon"]
[Result "1-0"]
[WhiteElo "2801"]
[BlackElo "2775"]
[Annotator "Edouard,R"]
[PlyCount "70"]
[EventDate "2019.12.02"]
[EventType "k.o."]
[EventRounds "2"]
[EventCountry "ENG"]
[SourceTitle "CBM 194"]
[Source "ChessBase"]
[SourceDate "2020.01.27"]
[SourceVersion "1"]
[SourceVersionDate "2020.01.27"]
[SourceQuality "1"]

1. d4 Nf6 2. c4 e6 3. Nf3 d5 4. Nc3 Be7 5. Bf4 O-O 6. e3 Nbd7 7. Be2 dxc4 8.
O-O {The best move order.} a6 (8... c5 9. dxc5 Nxc5 10. Bxc4 Qxd1 11. Rfxd1 b6
12. Bd6 Bxd6 13. Rxd6 Bb7 14. Rad1 $36 {1-0 (67) Ding Liren (2811)-Firouzja,A 
(2702) Khanty-Mansiysk 2019}) (8... Nb6 9. Ne5 (9. e4 $5) 9... Nfd5 10. Bg3 $14
) 9. a4 Nd5 (9... c5 10. d5 $1 {This explains why White starts with 8.0-0.}
exd5 11. Nxd5 Nxd5 12. Qxd5 Nf6 13. Qxd8 (13. Qe5 $5) 13... Rxd8 14. Bc7 Rd7
15. Ba5 {That endgame is known to be a little unpleasant for Black.} Rd6 (15...
b5 16. Ne5 Rd5 17. Bf3 Be6 18. Bxd5 Nxd5 19. Nc6 Bf8 20. axb5 axb5 21. Rfd1 $16
{0-1 (37) Jumabayev,R (2630)-Andreikin,D (2741) Khanty-Mansiysk 2019}) (15...
Bd8 $5 $146 {might be a good novelty.}) 16. Ne5 b6 17. Bc3 Bb7 18. Nxc4 Re6 19.
Rfd1 Ne4 20. Be1 Nf6 21. Bc3 Ne4 22. Be5 $1 b5 23. Bg4 Rg6 24. Rd7 Rxg4 25.
Rxb7 bxc4 26. Rxe7 $16 {1-0 (31) Cheparinov,I (2670)-Bacrot,E (2671) Linares
2019}) 10. Bxc4 Nxf4 11. exf4 c5 12. dxc5 Bxc5 (12... Nxc5 13. Ne5 (13. Qe2 $5)
13... Nd7 14. Nxf7 $1 $146 (14. Qe2 Nxe5 15. fxe5 Bd7 16. Bd3 Bc6 17. Rfd1 Qc7
18. Be4 Rfd8 19. Bxc6 {½-½ (19) Fedorovsky,M (2478)-Feldmann,J (2208) Munich
2017}) 14... Rxf7 (14... Kxf7 $2 15. Bxe6+ $1 Kxe6 16. Qd5+ Kf6 17. Qh5 $3 $18
{Without this last move, Black wins!}) 15. Bxe6 Nf6 16. Bxf7+ Kxf7 17. Qb3+ Be6
18. Qxb7 {and Black's position is unpleasant.}) 13. Qe2 b6 14. Rad1 Qe7 15.
Rfe1 g6 16. Nd5 Qd8 17. Ng5 $1 {How inspired!} exd5 $5 (17... Nf6 $1 {was the
best and most solid option. For example:} 18. Nxf6+ Qxf6 19. g3 Bb7 20. Rd7 Bc6
21. Rc7 Bxa4 22. b3 Bb5 23. Bxb5 axb5 24. Ne4 Qg7 25. Nxc5 bxc5 26. Rxc5 b4 {
and Black is close to making a draw.}) 18. Bxd5 Ra7 $2 {Tough decision - wrong
choice!} (18... Rb8 $1 19. b4 $1 Bxb4 20. Bxf7+ Rxf7 21. Nxf7 Qf8 22. Ng5 ({If
} 22. Nd6 {as in the game, after} Bxe1 {the c8-bishop is no longer hanging!
And this makes all the difference.}) 22... Bxe1 23. Qe6+ Kh8 24. Rxd7 Bxd7 25.
Qe5+ ({Funnily,} 25. Qxd7 {also holds:} Bxf2+ 26. Kf1 $8 (26. Kh1 $4 Qg7 27.
Nf7+ Kg8 28. Nh6+ Kf8 $1 29. Qd6+ Qe7 30. Qxb8+ Kg7 $19) 26... Qg7 27. Nf7+ Kg8
28. Nh6+ Qxh6 29. Qe6+ Kh8 30. Qe5+ $11) 25... Kg8 26. Qd5+ {and White has a
perpetual check.}) 19. b4 $1 Bxb4 20. Bxf7+ Rxf7 21. Nxf7 Qf8 (21... Kxf7 22.
Qc4+ $18) 22. Nd6 $3 {Pure brillancy.} (22. Qc4 {would allow} b5 $1 $13) (22.
Ng5 $2 Bxe1 23. Qc4+ Kh8 $17) 22... Bxd6 $2 (22... Bxe1 {was necessary:} 23.
Qc4+ Kg7 24. Nxc8 Bxf2+ ({or} 24... Ne5 25. Qd4 Bxf2+ 26. Kxf2 {transposing})
25. Kxf2 Ne5 26. Qd4 Qxc8 27. Qxe5+ Kh6 $1 {and Black may survive.}) 23. Qe6+
Kg7 $6 (23... Qf7 24. Qxd6 Nf8 25. Qxb6 $16) 24. Rxd6 Rc7 25. g3 $5 (25. Rc6
Rxc6 26. Qxc6 Nf6 27. Qxb6 $16) 25... Qf7 $4 (25... b5 $1 26. axb5 axb5 27. Rc6
Rxc6 28. Qxc6 Nf6 29. Qxb5 {and Black will suffer but does have drawing
chances.}) 26. Rc6 $1 {Cool, beautiful and brilliant! White wins.} Rxc6 (26...
Qxe6 27. Rexe6 Rxc6 28. Rxc6 Bb7 29. Rc7 $18) 27. Qxc6 Qf8 28. Rc1 Nc5 29. Qxb6
Ne6 30. Qc6 Nd4 31. Qc7+ (31. Qxc8 Ne2+ 32. Kf1 {would also win, but Ding's
move is stronger.}) 31... Kh6 (31... Qf7 32. Qe5+ $18) 32. Qxc8 Qe7 33. Rd1
Nf3+ 34. Kg2 Qe4 35. Kh3 Nd4 ({Black lost on time playing his last move, but
it's mate in two anyway:} 35... Nd4 36. Qf8+ Kh5 37. g4#) 1-0

[Event "BCF-chTa 1920 (4NCL)"]
[Site "Daventry"]
[Date "2020.02.08"]
[Round "5.14"]
[White "Edouard, Romain"]
[Black "Ashton, Adam"]
[Result "1-0"]
[WhiteElo "2640"]
[BlackElo "2379"]
[Annotator "Edouard,R"]
[PlyCount "87"]
[EventDate "2019.11.09"]
[EventType "team-tourn"]
[EventRounds "11"]
[EventCountry "ENG"]
[SourceTitle "CBM 195 Extra"]
[Source "ChessBase"]
[SourceDate "2020.05.31"]
[SourceVersion "1"]
[SourceVersionDate "2020.05.31"]
[SourceQuality "1"]
[WhiteTeam "Guildford"]
[BlackTeam "3CS Oldham"]
[WhiteTeamCountry "ENG"]
[BlackTeamCountry "ENG"]

1. Nf3 d5 2. c4 e6 3. d4 Nf6 4. Nc3 Be7 5. Bf4 O-O 6. e3 b6 7. Qc2 {I had
beaten GM Van der Wiel playing 7.Qc2 in almost the same setup - but with 6.a3
played and not 6.e3. I tried to play that game in the same style but it didn't
work too well.} ({The main line is} 7. Bd3 dxc4 8. Bxc4 {and here Black can go
8...Ba6 or 8...Bb7.}) 7... Ba6 8. Rd1 (8. O-O-O $5 {is definitely the move to
investigate, as it led to a masterpiece by GM Dubov:} dxc4 9. Ng5 $1 Nc6 10. a3
g6 (10... h6 $2 11. h4 $1 $40) 11. h4 Bd6 $6 (11... Nd5 {looked natural,
although after} 12. Nxd5 exd5 13. Be2 {Black would still be under heavy
pressure.} (13. Nxh7 $2 Kxh7 14. h5 Kg7 15. hxg6 fxg6 16. Bh6+ Kf7 17. Bxf8
Bxf8 $17)) 12. g3 $5 {Keeping the tension.} Qe7 13. h5 e5 14. hxg6 $5 (14. Nxh7
$1 {worked as well:} Nxh7 15. hxg6 fxg6 16. Bg2 $1 exf4 17. Bxc6 Qg7 18. Bd5+
Kh8 19. Rxh7+ Qxh7 20. Rh1 {and White wins - a computer line obviously!}) 14...
hxg6 15. Bg2 $1 exf4 16. Bxc6 (16. gxf4 {was also good. A few nice lines are:}
Bb7 (16... Qd7 17. Nce4 $1 Nxe4 18. Bxe4 Rae8 19. f3 $1 {/\Qh2}) (16... Qe8 17.
f5 $1 Ne7 18. Nge4 $1 Nxe4 19. Nxe4 $18) 17. Nd5 $1 Nxd5 18. Bxd5 Qf6 19. Nh7
Qg7 20. Rdg1 $18) 16... fxg3 17. Kb1 $5 Rad8 18. f4 $2 {This move isn't best
objectively, but it's a great one in practice.} (18. fxg3 {(/\Qh2)} Bxg3 (18...
Kg7 19. e4 $40) 19. Nge4 Nxe4 20. Bxe4 Kg7 21. Rdg1 $18) 18... Bc8 $1 (18...
Qxe3 19. Nd5 $1 Nxd5 20. Bxd5 Kg7 {alors} 21. Bxf7 Rxf7 22. Rh7+ $18) 19. Rde1
Kg7 20. Nd5 $1 Nxd5 21. Rh7+ Kg8 22. Rxf7 $1 {The "Dubov Festival".} (22. Bxd5
$2 Bf5 $1 {works for Black:} 23. e4 Bxf4 $1 24. Bxf7+ Rxf7 25. Rxf7 Qxg5 26.
Qxc4 Rxd4 $1 27. Qxd4 Kxf7 28. exf5 Qxf5+ 29. Ka1 Bd6 $17) 22... Rxf7 $6 (22...
Nc3+ $3 23. bxc3 Rxf7 24. Qxg6+ Kf8 25. Qh6+ Rg7 26. Bd5 Ke8 27. Qh5+ Kd7 {
and the position is a draw, as after} 28. Be6+ $2 Kc6 29. Qh1+ Kb5 30. Bxc4+
Ka5 $1 31. Qd5+ c5 {White no longer has b4+ as in the game. Incredible, isn't
it?}) 23. Qxg6+ Kf8 24. Qh6+ Rg7 25. Bxd5 Ke8 $2 (25... Bf5+ $3 26. e4 Ke8 {
was saving the game, according to the engine...}) 26. Qh5+ Kd7 27. Qh3+ Ke8 28.
Qh5+ Kd7 29. Be6+ $1 Kc6 30. Qf3+ Kb5 31. Bxc4+ $3 Ka5 (31... Kxc4 32. Qc6+ Bc5
33. Rc1+ Kd3 34. Rc3+ Ke2 35. Qg2+ Kd1 36. Rc1#) 32. Qd5+ Bc5 33. b4+ Ka4 34.
Qg2 $1 Bxb4 (34... Kxa3 35. Qb2+ Ka4 36. Qb3#) 35. Qc6+ $1 Kxa3 36. Bb3 $1 Bd7
(36... Kxb3 37. Qc2+ Ka3 38. Qa2#) 37. Qc1+ $1 Kxb3 38. Qc2+ Ka3 39. Qa2# {
1-0 (39) Dubov,D (2699)-Svane,R (2592) Batumi 2019. What a game! Definitely
reminding me of Kasparov-Topalov, Linares 1999.}) (8. Ne5 {is the most natural
move, but it shouldn't bring White much advantage:} dxc4 (8... Bb7 $5 9. Be2
dxc4 10. Bxc4 Nbd7 11. O-O c5 12. Rad1 Qc8 13. Nxd7 Qxd7 14. Be2 cxd4 15. Rxd4
Qc6 16. Bf3 Qc8 {and Black almost equalized in Li Chao2 (2732)-Zhao Jun (2604)
China 2017, 1-0 (60).}) 9. Bxc4 (9. Be2 $5 Qc8 10. Nxc4 Nd5 11. O-O c5 12. Nd6
Bxd6 13. Bxd6 Nxc3 $2 (13... Rd8 {should be close to equal}) 14. Bxa6 Qxa6 15.
Bxf8 Ne2+ 16. Kh1 cxd4 17. Qe4 Nc6 18. Bxg7 {1-0 Dragnev,V (2521)-Stella,A 
(2511) Radenci 2019}) 9... Bxc4 10. Nxc4 Nd5 11. Nxd5 (11. Bg3 $5 c5 (11...
Nxc3 12. Qxc3 Qd5 13. O-O c5 {should probably be played.}) 12. dxc5 Nxc3 13.
cxb6 Qd5 14. Qxc3 Bf6 15. Be5 Bxe5 16. Nxe5 Qxg2 17. Ke2 $14 {0-1 (37) Fier,A 
(2543)-Anuj,S (2336) Taleigao 2019}) 11... Qxd5 12. O-O c5 13. dxc5 Qxc5 14.
Rac1 Nd7 {Again, Black almost equalized. ½-½ (36) Inarkiev,E (2693)
-Kryvoruchko,Y (2669) Mali Losinj 2019}) (8. cxd5 Nxd5 (8... Bxf1 $5 9. Kxf1
Nxd5 10. Nxd5 Qxd5 11. e4 Qh5 $1 12. h3 c5 {looks OK for Black as well.}) 9.
Bxa6 Nxa6 10. O-O (10. Rd1 Nab4 11. Qb3 a5 12. O-O a4 13. Nxa4 Qd7 14. Nc3 Nxc3
15. bxc3 Nxa2 16. Ne5 Qa4 $11 {1-0 (51) L'Ami,E (2645)-Haslinger,S (2543)
Germany 2014}) 10... c5 11. Rfd1 Nab4 12. Qb3 Nxf4 13. exf4 Qc7 14. dxc5 Bxc5
15. Ne5 Rad8 16. a3 Nc6 17. Nb5 Qc8 18. Qf3 Nxe5 19. fxe5 f6 $11 {½-½ (59)
L'Ami,E (2628)-Bruzon Batista,L (2666) Merida 2015}) 8... dxc4 9. e4 c5 $6 {
If Black keeps the pawn instead, he should be at least fine.} (9... b5 $5) (
9... Nc6 $5 10. a3 b5) 10. dxc5 Qc8 11. Bd6 Bxd6 12. cxd6 Nbd7 $6 {This
natural move allows e4-e5... a chance I didn't take!} (12... Qc5 $1 13. e5 Ng4
14. Ne4 Qa5+ 15. Qd2 Nxe5 16. Qxa5 Nxf3+ 17. gxf3 bxa5 18. Nc5 Bb5 $11) 13. Be2
$6 (13. e5 $1 Ng4 (13... Nd5 14. Nxd5 exd5 15. Be2 $16) 14. Qe4 f5 15. exf6
Ndxf6 16. d7 Qc5 17. Qd4 $16) 13... Qc5 14. O-O Bb7 15. Rfe1 b5 16. Bf1 e5 17.
b4 $6 {Right after playing this move, I realized my (d6) pawn was actually
hanging:} (17. b3 $142) (17. a3 $142) 17... cxb3 (17... Qxb4 18. Rb1 Qxd6 19.
Nxb5 {and White should make a draw, but no more.}) 18. Qxb3 a6 19. h3 Rac8 20.
Re3 b4 $6 21. Na4 Qc2 $5 (21... Qa5 $5 {led to unclear territories:} 22. Nd2
Bc6 23. Nb2 Nc5 24. Qc2 Qxa2 25. Qxc5 Qxb2 26. Rb3 Ba4 27. Rxb2 Rxc5 28. Ra1
Bb5 $11) 22. Nd2 Qxb3 23. axb3 Rc2 24. Bd3 (24. f3 Bc6 25. Bxa6 Ra2 $11) 24...
Ra2 25. Nc4 Bc6 26. Ncb2 $6 (26. Nab2 {was definitely a better move.}) 26...
Bb5 27. Bc4 $6 Rc8 {Suddenly I realized about ...Bxa4/Nxa4 Rxa4 threats.} 28.
Bd3 {What a poor game!} Bxd3 (28... Rc6 $17) 29. Nxd3 a5 30. Ree1 g6 31. g4 Rc6
$2 {My opponent falls for the only trick.} (31... Rcc2 32. g5 Ne8 33. Nxe5 Nxe5
34. d7 Nxd7 35. Rxd7 Rxf2 {and I should be lucky if I manage to make a draw.})
32. g5 Nh5 $2 (32... Ne8 $1 {was still completely fine:} 33. Nxe5 (33. Ndc5
Nxc5 34. Nxc5 Nxd6 $15) 33... Nxe5 34. d7 Nxd7 35. Rxd7 Nc7 $44) 33. Ndc5 $1
Rxc5 34. Nxc5 Nxc5 35. d7 Nxd7 (35... Ne6 36. d8=Q+ Nxd8 37. Rxd8+ Kg7 {
was better, it seems!}) 36. Rxd7 Nf4 37. h4 Nh3+ 38. Kg2 Nxf2 $2 (38... Nf4+ {
was required.}) 39. Kf3 Nh3 40. Rc1 $18 {The black king can't escape!} Rb2 41.
Rc8+ Kg7 42. Rdd8 Rxb3+ 43. Ke2 Nf4+ 44. Kd2 {A poor game, but a win is a win.}
1-0

[Event "Capablanca Memorial Elite 50th"]
[Site "Havana"]
[Date "2015.06.17"]
[Round "3"]
[White "Eljanov, Pavel"]
[Black "Andreikin, Dmitry"]
[Result "1/2-1/2"]
[WhiteElo "2718"]
[BlackElo "2718"]
[Annotator "Eljanov,P"]
[PlyCount "92"]
[EventDate "2015.06.15"]
[EventType "tourn"]
[EventRounds "10"]
[EventCountry "CUB"]
[EventCategory "19"]
[SourceTitle "CBM 167"]
[Source "ChessBase"]
[SourceDate "2015.07.13"]
[SourceVersion "1"]
[SourceVersionDate "2015.07.13"]
[SourceQuality "1"]

1. d4 Nf6 2. c4 e6 3. Nf3 d5 4. Nc3 Be7 5. Bf4 O-O 6. e3 Nbd7 7. c5 Ne4 $5 {
In this particular game it was a surprise for me as Dmitry had previously
played 7...Nh5 only.} 8. Nxe4 $5 {I had some analysis and some choice as well
in this very important theoretical line and decided to stick to a more quiet
line with a space advantage on the queenside.} dxe4 9. Ne5 Nxe5 10. Bxe5 Bd7
11. Bc4 {Before and during this game I thought that it's a novelty. But now I
found the game from 2013 between little-known German players. Not a big
surprise as it's very well known that German chessplayers (including amateurs)
are very thorough and very well prepared mostly.} ({The idea of move 11.Bc4 is
quite obvious: to fight for the very important d5-square. In the only top game
in this position White continued} 11. Be2 {but didn't achieve anything at all}
Bc6 12. O-O Bf6 13. Bg3 Bh4 14. Be5 Bf6 15. b4 Bxe5 16. dxe5 a6 17. a4 Qg5 18.
b5 axb5 19. axb5 Bd5 20. Qd4 f6 21. exf6 Qxf6 22. Qxf6 gxf6 23. Rfc1 Kf7 24.
Kf1 Ke7 25. Ke1 b6 26. Ra6 bxc5 27. Rxc5 Kd7 28. Bd1 f5 29. Ba4 Bb7 30. b6+ c6
31. Raa5 Kd6 32. Kd2 Rfb8 33. Kc3 h6 34. h4 {1/2 (34) Giri,A (2745)
-Kasimdzhanov,R (2700) Tromso 2014}) 11... Bc6 12. Qe2 $5 $146 {And this is a
real novelty. The main idea is to interfere with the b5 move.} ({The move} 12.
Qb3 $5 {which was played by a German player is also not without venom although
I can't say that the queen is so well placed on b3 as it's interfering with
the advance of the b-pawn.} Qd7 (12... Bf6 $5) 13. O-O b6 14. cxb6 (14. Rac1 $5
) 14... cxb6 15. Rfc1 b5 16. Be2 Rac8 17. a3 a6 18. Qd1 Qb7 19. Bf1 {1/2 (19)
Floeter,F (2173)-Poenisch,E (2205) Germany 2013}) ({After the most obvious} 12.
O-O {black has} b5 $1 13. Bb3 Bf6 {with very solid position}) 12... Bf6 13. Bg3
Rc8 $6 {This is clearly the wrong way.} (13... Qd7 {was the most logical way
to renew the b5 idea.} 14. Rc1 b5 15. cxb6 axb6 (15... cxb6 16. Ba6 $14) 16.
O-O Bb7 17. a3 {and White has some minimal pressure due to the better pawn
structure on the queenside but it's hardly sufficient for something real.}) 14.
b4 Qd7 {Too late now.} 15. a4 $1 $14 Rfd8 16. O-O Bd5 17. Rfc1 c6 18. Bd6 Bxc4
19. Qxc4 Be7 20. Be5 $6 {My idea was to force ...f6 and to not let Black's
bishop to occupy this square. But it turns out that it's just too subtle and a
waste of tempo objectively.} (20. Bg3 $1 {it looks like Black is unable to
push ...e5 anyway and his position becomes rather unpleasant.} Qd5 (20... a6
21. Rab1 Ra8 22. h3 $36) 21. Rab1 Bf6 22. Bd6 $1 (22. b5 e5) 22... Rd7 23. Qxd5
exd5 24. b5 $36) 20... Qd5 21. Rab1 f6 22. Bg3 Qxc4 23. Rxc4 Kf7 24. Kf1 e5 $5
{A very strong idea.} (24... Rd7 $5 {it could be even better to double rooks
on the d-file first:} 25. Ke2 Rcd8 26. Rc2 e5 $1 27. dxe5 f5 {and Black has
enough compensation}) 25. dxe5 f5 26. Ke2 Ke6 27. f3 Rd3 28. fxe4 fxe4 29. Rxe4
Rcd8 30. b5 $5 {I decided to force matters. Objectively it wouldn't be the
strongest continuation but I didn't believe that I could win such a position
with quiet play.} (30. Rb2 {my engine gives about 0.50 here but I believe that
Black should hold this one surely} Ra3 31. a5 a6 32. Be1 (32. Rd4 Rxd4 $5 33.
exd4 Bg5 $44) 32... h5 33. Rd2 Rxd2+ 34. Bxd2 Ra2 {very close to a draw.})
30... Rd2+ 31. Kf3 g5 $1 {Very strong and also contains a very nice trick.} 32.
bxc6 bxc6 33. Reb4 (33. Rb7 {could lead to a very nice and aesthetic draw by
perpetual:} Rf8+ 34. Kg4 h5+ $1 35. Kxh5 Kf5 36. Kh6 $8 Rh8+ 37. Kg7 Rdd8 38.
Rxe7 Rdg8+ 39. Kf7 Rf8+ $11) 33... h5 34. R4b2 Kf5 35. e4+ Ke6 36. Rxd2 Rxd2
37. Rb7 g4+ 38. Ke3 {I decided to simplify matters.} ({It was not easy to
calculate the more complicated lines after} 38. Kf4 {with a few minutes left
on the clock. Objectively it should be drawn anyway} h4 39. Be1 Re2 40. Ba5
Rxg2 (40... Rf2+ $5 {the same} 41. Kxg4 Rxg2+ 42. Kf3 Rxh2 43. Rc7 Rh3+ 44. Kf4
Rg3 45. Rxc6+) 41. Rc7 g3 42. Rxc6+ Kd7 43. Rc7+ Ke6 44. hxg3 Rxg3 45. Rc6+ Kd7
46. Ra6 Bxc5 $11) 38... Rxg2 (38... Bg5+ $5 39. Bf4 Bxf4+ 40. Kxf4 Rxg2 41.
Rxa7 (41. Rc7 Rf2+ 42. Kg3 Rf3+ 43. Kg2 Kxe5 44. Rxc6 $11) 41... Rxh2 42. Rc7
Rf2+ 43. Ke3 Rf1 44. Rxc6+ Kxe5 45. Rh6 $11) 39. Rc7 h4 40. Bf4 Bxc5+ 41. Kd3
Rf2 42. Rxc6+ Kd7 43. Rf6 Rf3+ 44. Kc4 Bg1 45. Rf7+ (45. Rd6+ Kc7 46. Bg5 Bxh2
47. Bd8+ Kb7 48. Bxh4 Rf4 (48... Bxe5 49. Rg6 Ra3 $11) 49. Kd5 g3 50. Bxg3 Bxg3
51. Rd7+ Kc8 52. Rxa7 Rf1 $11) 45... Ke6 46. Rf6+ Kd7 1/2-1/2